[Event "Benidorm 2013 - Torneo sub2000"]
[Site "Benidorm ESP"]
[Date "2013.12.01"]
[Round "3.15"]
[White "Cruz Fiallos, Hamilton Tarley"]
[Black "Marti Blanes, Jose Manuel"]
[Result "0-1"]
[WhiteElo "1876"]
[BlackElo "1962"]
[PlyCount "154"]
[EventDate "2013.11.29"]
[EventRounds "10"]
[EventCountry "ESP"]
[Source "lmi"]
[SourceDate "2013.11.29"]

1. e4 c5 2. Nf3 d6 3. d4 cxd4 4. Nxd4 Nf6 5. Nc3 a6 6. Bg5 Nbd7 7. f4 e6 8. Qf3
Be7 9. Bc4 h6 10. Bxf6 Bxf6 11. O-O-O Qb6 12. Nb3 Qc7 13. Be2 b6 14. Qd3 Be7
15. Bf3 Bb7 16. Rhe1 O-O 17. Kb1 Rac8 18. g3 Rfd8 19. Rd2 b5 20. Nd1 Nb6 21.
Rf2 Nc4 22. Bg4 d5 23. e5 a5 24. Nd4 Bb4 25. c3 Re8 26. Rfe2 Bc5 27. Nxb5 Qb6
28. a4 Ba6 29. f5 Bxb5 30. axb5 Qxb5 31. Kc1 Qa4 32. fxe6 fxe6 33. Qg6 Qc6 34.
Rf1 Qd7 35. Rf6 Rc6 36. Re1 Bd4 37. Bf5 exf5 38. Rxc6 Nxe5 39. Rxe5 Bxe5 40.
Rc5 Bf6 41. Rxd5 Qxd5 42. Qxe8+ Kh7 43. Qe2 Bg5+ 44. Kc2 a4 45. Qd3 Qg2+ 46.
Kb1 Kg6 47. h4 Qd2 48. Qa6+ Bf6 49. Qxa4 Qd3+ 50. Qc2 Qxg3 51. h5+ Kg5 52. b4
Qe5 53. Qd3 Qe4 54. Qxe4 fxe4 55. c4 Bd4 56. c5 e3 57. Nxe3 Bxe3 58. Kc2 Kxh5
59. Kd3 Bf4 60. b5 Bc7 61. b6 Bd8 62. Kc4 g5 63. Kb5 g4 64. Kc6 Bg5 65. Kb7 g3
66. c6 g2 67. c7 g1=Q 68. c8=Q Qg2+ 69. Ka6 Qe2+ 70. Kb7 Qg4 71. Qe8+ Kh4 72.
Ka8 Bf4 73. b7 Qf3 74. Qa4 h5 75. Ka7 Kg3 76. Qd7 Qa3+ 77. Kb6 Qd6+ 0-1

[Event "Benidorm 2013 - Torneo sub2000"]
[Site "Benidorm ESP"]
[Date "2013.12.01"]
[Round "3.18"]
[White "Busto Prendes, Abel"]
[Black "Garcia Sanchez, Jose Manuel"]
[Result "1-0"]
[WhiteElo "1954"]
[BlackElo "1864"]
[PlyCount "47"]
[EventDate "2013.11.29"]
[EventRounds "10"]
[EventCountry "ESP"]
[Source "lmi"]
[SourceDate "2013.11.29"]

1. e4 e5 2. Nc3 Nf6 3. f4 d6 4. Nf3 Bg4 5. h3 Bxf3 6. Qxf3 Be7 7. Bc4 O-O 8.
O-O Nc6 9. d3 Nd4 10. Qf2 c6 11. Be3 b5 12. Bb3 Nxb3 13. axb3 a6 14. Ra2 b4 15.
fxe5 bxc3 16. exf6 Bxf6 17. bxc3 c5 18. d4 Qe7 19. dxc5 Qxe4 20. Bd4 dxc5 21.
Bxf6 gxf6 22. Qxf6 Qe3+ 23. Kh1 a5 24. Rf3 1-0

[Event "Benidorm 2013 - Torneo sub2000"]
[Site "Benidorm ESP"]
[Date "2013.12.01"]
[Round "3.41"]
[White "Tonus, Alex"]
[Black "Velasco Gomez, Esperanza"]
[Result "1-0"]
[WhiteElo "1949"]
[BlackElo "1806"]
[PlyCount "47"]
[EventDate "2013.11.29"]
[EventRounds "10"]
[EventCountry "ESP"]
[Source "lmi"]
[SourceDate "2013.11.29"]

1. e4 c5 2. Nf3 d6 3. d4 cxd4 4. Nxd4 a6 5. Nc3 Nf6 6. Bg5 e6 7. f4 Be7 8. Qf3
Qc7 9. O-O-O Nc6 10. Nxc6 Qxc6 11. Bd3 b5 12. Rhe1 b4 13. Nd5 exd5 14. exd5 Qa4
15. Bxf6 gxf6 16. Qe3 Qd7 17. Rd2 Qc7 18. Rde2 Ra7 19. Qd4 Kf8 20. Rxe7 Qxe7
21. Rxe7 Rxe7 22. Qxf6 Rg8 23. g3 Bg4 24. Qxd6 1-0

[Event "Benidorm 2013 - Torneo sub2000"]
[Site "Benidorm ESP"]
[Date "2013.12.01"]
[Round "3.75"]
[White "Gomez Maestro, Gustavo"]
[Black "Diez Jover, Alberto"]
[Result "1-0"]
[WhiteElo "1702"]
[BlackElo "1890"]
[PlyCount "45"]
[EventDate "2013.11.29"]
[EventRounds "10"]
[EventCountry "ESP"]
[Source "lmi"]
[SourceDate "2013.11.29"]

1. d4 d5 2. c4 c6 3. Nf3 dxc4 4. a4 b5 5. g3 Bb7 6. Bg2 Nf6 7. O-O e6 8. Ne5 a6
9. b3 cxb3 10. axb5 axb5 11. Rxa8 Bxa8 12. e3 Nd5 13. Qxb3 Na6 14. Nc3 Nxc3 15.
Qxc3 Bb4 16. Bxc6+ Ke7 17. Ba3 Qa5 18. Ra1 f6 19. Nd3 Qc7 20. Bxb4+ Kf7 21.
Rxa6 Rc8 22. Rxa8 Qxc6 23. Rxc8 1-0

[Event "Benidorm 2013 - Torneo sub2000"]
[Site "Benidorm ESP"]
[Date "2013.12.01"]
[Round "3.77"]
[White "Martinez Perez, Pablo"]
[Black "Portillo Castellon, Javier"]
[Result "0-1"]
[WhiteElo "1667"]
[BlackElo "1877"]
[PlyCount "30"]
[EventDate "2013.11.29"]
[EventRounds "10"]
[EventCountry "ESP"]
[Source "lmi"]
[SourceDate "2013.11.29"]

1. f4 d5 2. b3 c5 3. Bb2 Nc6 4. Nf3 Nf6 5. e3 e6 6. Bb5 Be7 7. O-O O-O 8. Bxc6
bxc6 9. d3 Qb6 10. Qe1 c4 11. dxc4 dxc4 12. Nbd2 Ba6 13. Ne5 c3 14. Ndc4 Bxc4
15. Nxc4 cxb2 0-1

[Event "Benidorm 2013 - Torneo sub2000"]
[Site "Benidorm ESP"]
[Date "2013.12.01"]
[Round "3.82"]
[White "Llamazares Lopez, Carlos"]
[Black "Tort Barenys, Juan Jose"]
[Result "1-0"]
[WhiteElo "1855"]
[BlackElo "1663"]
[PlyCount "24"]
[EventDate "2013.11.29"]
[EventRounds "10"]
[EventCountry "ESP"]
[Source "lmi"]
[SourceDate "2013.11.29"]

1. e4 c5 2. Nf3 Nc6 3. d4 cxd4 4. Nxd4 Nf6 5. Nc3 g6 6. Nxc6 bxc6 7. e5 Nd5 8.
Nxd5 cxd5 9. Qxd5 Rb8 10. e6 fxe6 11. Qe5 Bh6 12. Qxh8+ Bf8 1-0

[Event "Benidorm 2013 - Torneo sub2000"]
[Site "Benidorm ESP"]
[Date "2013.12.01"]
[Round "3.90"]
[White "Del Valle Domenech, Trinidad"]
[Black "Ramos Garcia, Miguel"]
[Result "0-1"]
[WhiteElo "1525"]
[BlackElo "1825"]
[PlyCount "54"]
[EventDate "2013.11.29"]
[EventRounds "10"]
[EventCountry "ESP"]
[Source "lmi"]
[SourceDate "2013.11.29"]

1. e4 e6 2. d4 d5 3. e5 c5 4. c3 Nc6 5. Nf3 Qb6 6. Bd3 Bd7 7. Bc2 Rc8 8. O-O
cxd4 9. cxd4 Nge7 10. b3 Nb4 11. Na3 Nxc2 12. Nxc2 Nc6 13. Bb2 Be7 14. Rc1 O-O
15. Ne3 Nb4 16. Ba3 Rxc1 17. Bxc1 Nxa2 18. Bb2 Bb5 19. Re1 Bb4 20. Nd2 Nc3 21.
Qh5 Qxd4 22. Nf3 Qe4 23. Ng4 Ne2+ 24. Kh1 Bxe1 25. Nf6+ gxf6 26. exf6 Bxf2 27.
Ne5 Qb1+ 0-1

[Event "Benidorm 2013 - Torneo sub2000"]
[Site "Benidorm ESP"]
[Date "2013.12.01"]
[Round "3.119"]
[White "Nieto Perez, Mario"]
[Black "Yanez Acin, Gonzalo"]
[Result "0-1"]
[WhiteElo "1540"]
[BlackElo "1768"]
[PlyCount "42"]
[EventDate "2013.11.29"]
[EventRounds "10"]
[EventCountry "ESP"]
[Source "lmi"]
[SourceDate "2013.11.29"]

1. e4 Nf6 2. e5 Nd5 3. d4 d6 4. Nf3 Bg4 5. Bc4 e6 6. O-O Nb6 7. Bb3 dxe5 8.
dxe5 Qxd1 9. Rxd1 Nc6 10. Bf4 Bc5 11. Nc3 Bxf3 12. gxf3 Nd4 13. Rd3 O-O-O 14.
Ne4 Ne2+ 15. Kf1 Nxf4 16. Rxd8+ Rxd8 17. Nxc5 Nd7 18. Ne4 Nxe5 19. Re1 Nxf3 20.
Re3 Nd2+ 21. Nxd2 Rxd2 0-1

[Event "Benidorm 2013 - Torneo sub2000"]
[Site "Benidorm ESP"]
[Date "2013.12.01"]
[Round "3.121"]
[White "Aracil Gisbert, Javier"]
[Black "Spina, Simonpietro"]
[Result "0-1"]
[WhiteElo "1534"]
[BlackElo "1762"]
[PlyCount "52"]
[EventDate "2013.11.29"]
[EventRounds "10"]
[EventCountry "ESP"]
[Source "lmi"]
[SourceDate "2013.11.29"]

1. c4 e5 2. g3 f5 3. Bg2 Nf6 4. e3 Nc6 5. Ne2 d5 6. cxd5 Nb4 7. d3 Nbxd5 8. a3
c6 9. O-O Bd6 10. Qb3 Qe7 11. e4 Nb6 12. Nbc3 Be6 13. Qc2 O-O 14. Rb1 f4 15.
gxf4 exf4 16. Bxf4 Nxe4 17. Bxd6 Nxd6 18. Nd4 Bd7 19. Rbe1 Qf7 20. Re3 Nf5 21.
Rf3 Nxd4 22. Rxf7 Nxc2 23. Rxf8+ Rxf8 24. Ne2 Bg4 25. f3 Bf5 26. Rd1 Ne3 0-1

[Event "Benidorm 2013 - Torneo sub2000"]
[Site "Benidorm ESP"]
[Date "2013.12.01"]
[Round "3.126"]
[White "Olmos Rosa, Fernando"]
[Black "Pasaron Martinez, Francisco"]
[Result "1-0"]
[WhiteElo "1718"]
[BlackElo "1523"]
[PlyCount "46"]
[EventDate "2013.11.29"]
[EventRounds "10"]
[EventCountry "ESP"]
[Source "lmi"]
[SourceDate "2013.11.29"]

1. d4 c6 2. Bf4 d5 3. Nf3 Bf5 4. e3 h6 5. Bd3 Bxd3 6. Qxd3 Nf6 7. Nbd2 e6 8.
O-O-O Nbd7 9. e4 dxe4 10. Nxe4 Nxe4 11. Qxe4 Nf6 12. Qe2 Bd6 13. Ne5 O-O 14. g4
Nd5 15. Bd2 Qc7 16. f4 Bxe5 17. dxe5 b5 18. g5 hxg5 19. fxg5 Ne7 20. h4 g6 21.
h5 Kg7 22. hxg6 Nxg6 23. Qe3 Qxe5 1-0

[Event "Benidorm 2013 - Torneo sub2000"]
[Site "Benidorm ESP"]
[Date "2013.12.01"]
[Round "3.135"]
[White "Benito Alba, Eladio"]
[Black "Soldevilla Fuertes, Jose Angel"]
[Result "1-0"]
[WhiteElo "1705"]
[BlackElo "1460"]
[PlyCount "21"]
[EventDate "2013.11.29"]
[EventRounds "10"]
[EventCountry "ESP"]
[Source "lmi"]
[SourceDate "2013.11.29"]

1. d4 d5 2. c4 Nf6 3. Nf3 e6 4. e3 Nc6 5. Nc3 Bb4 6. Bd2 O-O 7. Bd3 Qe7 8. O-O
Na5 9. cxd5 exd5 10. a3 Bd6 11. Nxd5 1-0

[Event "Benidorm 2013 - Torneo sub2000"]
[Site "Benidorm ESP"]
[Date "2013.12.01"]
[Round "3.136"]
[White "Cassidy, Sydney"]
[Black "Toledo Vicedo, Beltran"]
[Result "0-1"]
[WhiteElo "1698"]
[BlackElo "1440"]
[PlyCount "42"]
[EventDate "2013.11.29"]
[EventRounds "10"]
[EventCountry "ESP"]
[Source "lmi"]
[SourceDate "2013.11.29"]

1. e4 e5 2. Nf3 Nc6 3. Bc4 d6 4. O-O Bg4 5. c3 Nf6 6. d3 Be7 7. Be3 O-O 8. Nbd2
d5 9. exd5 Nxd5 10. Bxd5 Qxd5 11. Qc2 Rad8 12. d4 exd4 13. Nxd4 Bd6 14. Qe4 Qh5
15. h3 Nxd4 16. Qxg4 Qxg4 17. hxg4 Nc2 18. Rad1 Nxe3 19. fxe3 Bc5 20. Rf3 Rfe8
21. Kf2 Rd3 0-1

[Event "Benidorm 2013 - Torneo sub2000"]
[Site "Benidorm ESP"]
[Date "2013.12.01"]
[Round "3.140"]
[White "Jara Garcia, Antonio"]
[Black "Serrano Leiva, Ana"]
[Result "0-1"]
[WhiteElo "1418"]
[BlackElo "1624"]
[PlyCount "62"]
[EventDate "2013.11.29"]
[EventRounds "10"]
[EventCountry "ESP"]
[Source "lmi"]
[SourceDate "2013.11.29"]

1. e4 c5 2. d4 cxd4 3. c3 dxc3 4. Nxc3 Nc6 5. Bc4 Nf6 6. Nf3 e6 7. O-O d6 8.
Bf4 Be7 9. Qe2 O-O 10. Rfd1 Nh5 11. Be5 Nxe5 12. Nxe5 Nf4 13. Qg4 Qc7 14. Nb5
Qc5 15. Qxf4 dxe5 16. Qc1 a6 17. Na3 b5 18. Be2 Qb6 19. Qd2 Bb7 20. Bf3 Rfd8
21. Qe2 Rac8 22. Nc2 b4 23. b3 a5 24. Ne3 Ba6 25. Qb2 Bc5 26. Nc4 Bxc4 27. bxc4
Bd4 28. Qc2 Bxa1 29. Rxa1 Qd4 30. Rc1 Qd3 31. Qxd3 Rxd3 0-1

[Event "Benidorm 2013 - Torneo sub2000"]
[Site "Benidorm ESP"]
[Date "2013.12.01"]
[Round "3.142"]
[White "Talavera Moya, Salvador"]
[Black "Plaza Rodriguez, Ladislao"]
[Result "1-0"]
[WhiteElo "1595"]
[BlackElo "1644"]
[PlyCount "75"]
[EventDate "2013.11.29"]
[EventRounds "10"]
[EventCountry "ESP"]
[Source "lmi"]
[SourceDate "2013.11.29"]

1. d4 d5 2. c4 e6 3. Nc3 Bb4 4. Qc2 Nf6 5. Bg5 O-O 6. Nf3 Nc6 7. e3 Re8 8. a3
Be7 9. cxd5 exd5 10. Bd3 g6 11. O-O Bg4 12. Be2 a6 13. h3 Bxf3 14. Bxf3 Na5 15.
Bxf6 Bxf6 16. Nxd5 Nc6 17. Nxf6+ Qxf6 18. Rac1 Re6 19. d5 Re5 20. dxc6 b6 21.
b4 Rg5 22. Kh1 Re8 23. Rcd1 Rf5 24. Rd7 Rxf3 25. gxf3 Qxf3+ 26. Kh2 Re4 27. Qc3
Re8 28. Qc4 b5 29. Qf4 Qxf4+ 30. exf4 Re4 31. Kg3 Rc4 32. Rxc7 Rc3+ 33. f3 Rxa3
34. Ra7 Rc3 35. c7 Kf8 36. Ra8+ Ke7 37. c8=Q Rxc8 38. Rxc8 1-0

[Event "Benidorm 2013 - Torneo sub2000"]
[Site "Benidorm ESP"]
[Date "2013.12.01"]
[Round "3.143"]
[White "Costa Laudisio, Arnau"]
[Black "Garcia Sacristan, Ramon"]
[Result "0-1"]
[WhiteElo "1686"]
[BlackElo "1564"]
[PlyCount "72"]
[EventDate "2013.11.29"]
[EventRounds "10"]
[EventCountry "ESP"]
[Source "lmi"]
[SourceDate "2013.11.29"]

1. e4 c6 2. Nc3 d5 3. Qf3 d4 4. Bc4 e6 5. Nce2 b5 6. Bb3 Bb7 7. a3 c5 8. Ng3
Nf6 9. N1e2 Nc6 10. O-O Ne5 11. Qf4 Bd6 12. Qg5 O-O 13. d3 c4 14. f4 Ng6 15. e5
h6 16. Qxg6 fxg6 17. exd6 cxb3 18. Nxd4 Ng4 19. h3 Qxd6 20. Nxb3 Qc6 21. Rf3
Qxc2 22. Nd4 Qd1+ 23. Rf1 Qxd3 24. Nde2 Nf6 25. Kh2 Ne4 26. Rf3 Qc4 27. Nc3
Nxg3 28. Rxg3 e5 29. Rxg6 Qf1 30. b4 exf4 31. Bb2 Qf2 32. Ne4 Qxb2 33. Re1 Bxe4
34. Rxe4 f3 35. Re1 f2 36. Rf1 Qe2 0-1

[Event "Benidorm 2013 - Torneo sub2000"]
[Site "Benidorm ESP"]
[Date "2013.12.01"]
[Round "4.1"]
[White "Morello Ostos, Domingo"]
[Black "Busto Prendes, Abel"]
[Result "1-0"]
[WhiteElo "1998"]
[BlackElo "1954"]
[PlyCount "117"]
[EventDate "2013.11.29"]
[EventRounds "10"]
[EventCountry "ESP"]
[Source "lmi"]
[SourceDate "2013.11.29"]

1. e4 e6 2. d3 d5 3. Nd2 Nf6 4. Ngf3 Nc6 5. g3 dxe4 6. dxe4 e5 7. Bg2 Bc5 8.
O-O O-O 9. Qe2 a5 10. Qb5 Qe7 11. Nb3 Bd6 12. Bg5 h6 13. Bxf6 Qxf6 14. c3 Be7
15. Nbd2 b6 16. Qa4 Ba6 17. Rfe1 Rfd8 18. Bf1 Bc5 19. Rad1 Bxf1 20. Rxf1 Rd3
21. Ne1 Rd7 22. Ndf3 Rxd1 23. Qxd1 Rd8 24. Nd2 Ra8 25. Ndf3 Rd8 26. Qe2 Qd6 27.
Qc4 Na7 28. Qa6 Nc6 29. a3 Qe6 30. Nd3 Be7 31. Nc1 Qg4 32. Qe2 Qd7 33. Qc4 h5
34. b4 axb4 35. axb4 h4 36. b5 Na5 37. Qe2 hxg3 38. hxg3 Qe6 39. Kg2 Bf6 40.
Nd2 Bg5 41. f4 exf4 42. gxf4 Bh6 43. f5 Rxd2 44. fxe6 Rxe2+ 45. Nxe2 fxe6 46.
Nd4 Nc4 47. Ra1 Nd6 48. e5 Nc4 49. Nxe6 Nxe5 50. Nxc7 Bd2 51. Nd5 Nc4 52. Ra8+
Kh7 53. Rc8 Nd6 54. Rc6 Nxb5 55. c4 Na3 56. Nxb6 Ba5 57. Nd5 Nc2 58. Kg3 Kg8
59. Ra6 1-0

[Event "Benidorm 2013 - Torneo sub2000"]
[Site "Benidorm ESP"]
[Date "2013.12.01"]
[Round "4.2"]
[White "Bote Kobolo, Benjamin"]
[Black "Rizza, Francesco"]
[Result "0-1"]
[WhiteElo "1948"]
[BlackElo "1998"]
[PlyCount "88"]
[EventDate "2013.11.29"]
[EventRounds "10"]
[EventCountry "ESP"]
[Source "lmi"]
[SourceDate "2013.11.29"]

1. e4 c5 2. Nc3 d6 3. Nf3 Nc6 4. Bb5 Bd7 5. O-O e6 6. d4 cxd4 7. Nxd4 Nf6 8.
Be3 Be7 9. h3 O-O 10. Nxc6 bxc6 11. Bd3 Qb8 12. b3 d5 13. exd5 cxd5 14. f4 Bd6
15. Qf3 Qb4 16. Ne2 Ne4 17. a3 Qb7 18. a4 Nc5 19. Bxc5 Bxc5+ 20. Kh1 Be7 21.
Qh5 g6 22. Qh6 Bf6 23. Rae1 Bc6 24. Rf3 d4 25. Rg3 Qe7 26. Rg5 Bxg5 27. fxg5
Qd6 28. Rf1 e5 29. Rf6 Qd5 30. Rf2 Qd7 31. Ng3 Rae8 32. Rf6 e4 33. Bc4 Bd5 34.
Bb5 Qe7 35. Ne2 Qe5 36. Rf4 Re7 37. Rf6 Rc7 38. Nf4 Rxc2 39. Nh5 Rc1+ 40. Bf1
gxh5 41. g6 hxg6 42. Rxg6+ fxg6 43. Qxc1 e3 44. Bc4 e2 0-1

[Event "Benidorm 2013 - Torneo sub2000"]
[Site "Benidorm ESP"]
[Date "2013.12.01"]
[Round "4.3"]
[White "Izagirre Alsua, Aritz"]
[Black "Paya Prats, Damian"]
[Result "1-0"]
[WhiteElo "1947"]
[BlackElo "1994"]
[PlyCount "87"]
[EventDate "2013.11.29"]
[EventRounds "10"]
[EventCountry "ESP"]
[Source "lmi"]
[SourceDate "2013.11.29"]

1. e4 e5 2. Nf3 Nf6 3. Nc3 Bb4 4. Bd3 d6 5. O-O Bg4 6. h3 Bh5 7. Nb1 h6 8. c3
Ba5 9. Bc2 g5 10. d4 Nbd7 11. Qd3 Qe7 12. Nbd2 c6 13. b4 Bc7 14. a4 Rg8 15. Re1
Nf8 16. Nf1 Bxf3 17. Qxf3 g4 18. hxg4 Nxg4 19. Qh3 exd4 20. f3 d3 21. Bxd3 Bb6+
22. Ne3 Ne6 23. Bf1 Ne5 24. Kh1 Ng5 25. Qh5 Bxe3 26. Bxe3 O-O-O 27. Bxa7 Ne6
28. Be3 Qf6 29. a5 Rg5 30. Qh3 Rdg8 31. Bxg5 Rxg5 32. a6 bxa6 33. Bxa6+ Kd8 34.
Bf1 Qg6 35. Qh4 f6 36. Ra8+ Ke7 37. Ra7+ Ke8 38. Ra8+ Nd8 39. Qf4 Qh5+ 40. Kg1
Qxf3 41. Qxg5 hxg5 42. gxf3 Nxf3+ 43. Kf2 Nxe1 44. Kxe1 1-0

[Event "Benidorm 2013 - Torneo sub2000"]
[Site "Benidorm ESP"]
[Date "2013.12.01"]
[Round "4.4"]
[White "Rodriguez Marcos, Jose R"]
[Black "Muniz Giron, Carlos"]
[Result "1-0"]
[WhiteElo "1985"]
[BlackElo "1930"]
[PlyCount "67"]
[EventDate "2013.11.29"]
[EventRounds "10"]
[EventCountry "ESP"]
[Source "lmi"]
[SourceDate "2013.11.29"]

1. d4 Nf6 2. c4 c5 3. d5 b5 4. g3 d6 5. Bg2 b4 6. e4 g6 7. Ne2 Nbd7 8. O-O Bg7
9. Qc2 O-O 10. Nd2 a5 11. f4 Ra7 12. Nf3 Qc7 13. Bd2 Ba6 14. Rab1 Nb6 15. b3
Nfd7 16. Bc1 a4 17. Bb2 axb3 18. axb3 Nf6 19. h3 Rfa8 20. e5 Ne8 21. Ng5 Bb7
22. e6 f6 23. Nf7 Ra2 24. f5 g5 25. Qe4 Ba6 26. Nc1 Ra5 27. Qg4 Qa7 28. h4 h6
29. Qh5 Bxc4 30. bxc4 Nxc4 31. Nxh6+ Bxh6 32. Qxh6 Nxb2 33. Rxb2 gxh4 34. Qg6+
1-0

[Event "Benidorm 2013 - Torneo sub2000"]
[Site "Benidorm ESP"]
[Date "2013.12.01"]
[Round "4.5"]
[White "Del Mastro, Marco"]
[Black "Gambini, Stephane"]
[Result "1/2-1/2"]
[WhiteElo "1944"]
[BlackElo "1975"]
[PlyCount "70"]
[EventDate "2013.11.29"]
[EventRounds "10"]
[EventCountry "ESP"]
[Source "lmi"]
[SourceDate "2013.11.29"]

1. e4 c5 2. c3 a6 3. d4 cxd4 4. cxd4 g6 5. Nc3 Bg7 6. Be3 d6 7. Qd2 Nc6 8. Nge2
Bd7 9. Nc1 Nf6 10. f3 b5 11. a3 O-O 12. Nb3 e6 13. Be2 Rc8 14. O-O Re8 15. Kh1
Na5 16. Nxa5 Qxa5 17. Rfd1 Bc6 18. Bf1 Bb7 19. Qf2 d5 20. e5 Nd7 21. Qh4 f6 22.
f4 Qb6 23. Qf2 Qd8 24. Rac1 Nb6 25. b3 Qe7 26. Nb1 Qd7 27. Bd2 Rxc1 28. Rxc1
Rc8 29. Rc5 fxe5 30. fxe5 Rxc5 31. dxc5 Nc8 32. Bc3 Ne7 33. Nd2 Nc6 34. Nf3 Qf7
35. Kg1 Qf5 1/2-1/2

[Event "Benidorm 2013 - Torneo sub2000"]
[Site "Benidorm ESP"]
[Date "2013.12.01"]
[Round "4.6"]
[White "Hall, Rachid"]
[Black "Blondel, Jerome"]
[Result "1-0"]
[WhiteElo "1973"]
[BlackElo "1924"]
[PlyCount "69"]
[EventDate "2013.11.29"]
[EventRounds "10"]
[EventCountry "ESP"]
[Source "lmi"]
[SourceDate "2013.11.29"]

1. d4 d5 2. Bf4 e6 3. Nf3 Bd6 4. Bxd6 cxd6 5. e3 Nf6 6. Nbd2 O-O 7. c4 dxc4 8.
Bxc4 a6 9. O-O b5 10. Bd3 Bb7 11. Rc1 Nc6 12. Bb1 Rc8 13. Re1 e5 14. Ne4 Nd5
15. a3 Nb6 16. Qd3 f5 17. Neg5 e4 18. Qb3+ d5 19. Ne6 Qe7 20. Nxf8 exf3 21.
Nxh7 g6 22. e4 Kxh7 23. exf5 Qg5 24. Qxf3 Rf8 25. fxg6+ Kg7 26. Qg3 Qd8 27. h4
Nc4 28. h5 Rh8 29. Qf3 Qf6 30. Qxd5 Rd8 31. Qe6 Qxe6 32. Rxe6 Rxd4 33. Be4 Rxe4
34. Rxe4 N6e5 35. Rcxc4 1-0

[Event "Benidorm 2013 - Torneo sub2000"]
[Site "Benidorm ESP"]
[Date "2013.12.01"]
[Round "4.7"]
[White "Larranaga Aldalur, Jose Joaqui"]
[Black "Poggiolini, Alessandro"]
[Result "1/2-1/2"]
[WhiteElo "1902"]
[BlackElo "1971"]
[PlyCount "49"]
[EventDate "2013.11.29"]
[EventRounds "10"]
[EventCountry "ESP"]
[Source "lmi"]
[SourceDate "2013.11.29"]

1. e4 c5 2. d4 cxd4 3. c3 dxc3 4. Nxc3 e6 5. Bc4 Nc6 6. Nf3 Qc7 7. O-O Nf6 8.
Qe2 Ng4 9. Nb5 Qb8 10. h3 h5 11. g3 Bc5 12. Kg2 a6 13. Nc3 Nge5 14. Nxe5 Nxe5
15. Bb3 b5 16. f4 Nc6 17. Be3 Nd4 18. Bxd4 Bxd4 19. Rad1 Bxc3 20. bxc3 Bb7 21.
Kh2 h4 22. g4 Qc7 23. Qe3 O-O-O 24. c4 b4 25. c5 1/2-1/2

[Event "Benidorm 2013 - Torneo sub2000"]
[Site "Benidorm ESP"]
[Date "2013.12.01"]
[Round "4.8"]
[White "Marti Blanes, Jose Manuel"]
[Black "Aguado Crespo, Antonio"]
[Result "1-0"]
[WhiteElo "1962"]
[BlackElo "1891"]
[PlyCount "57"]
[EventDate "2013.11.29"]
[EventRounds "10"]
[EventCountry "ESP"]
[Source "lmi"]
[SourceDate "2013.11.29"]

1. d4 Nf6 2. c4 e5 3. dxe5 Ng4 4. Nf3 Nc6 5. e3 Bb4+ 6. Nbd2 O-O 7. a3 Be7 8.
Be2 Ngxe5 9. Nxe5 Nxe5 10. Nf3 Ng6 11. O-O b6 12. Nd4 Bb7 13. Bf3 c6 14. Nf5
Qc7 15. Bd2 Bf6 16. Qc2 Rad8 17. Bb4 c5 18. Bxb7 Qxb7 19. Bc3 Bxc3 20. Qxc3 f6
21. Rad1 Qe4 22. Nd6 Qg4 23. h3 Qe6 24. Rd2 f5 25. f4 Rf6 26. Rfd1 Nf8 27. Rd5
Rb8 28. Qd3 g6 29. Re5 1-0

[Event "Benidorm 2013 - Torneo sub2000"]
[Site "Benidorm ESP"]
[Date "2013.12.01"]
[Round "4.9"]
[White "Stoyanov, Svetlomir"]
[Black "Strand, Oyvin"]
[Result "1/2-1/2"]
[WhiteElo "1962"]
[BlackElo "1891"]
[PlyCount "70"]
[EventDate "2013.11.29"]
[EventRounds "10"]
[EventCountry "ESP"]
[Source "lmi"]
[SourceDate "2013.11.29"]

1. d4 e6 2. c3 f5 3. Nf3 Nf6 4. Bf4 d5 5. e3 Bd6 6. Ne5 Nbd7 7. Nd2 O-O 8. Be2
c5 9. O-O Qc7 10. Ndf3 b6 11. a4 a6 12. Qb3 c4 13. Qc2 Bb7 14. h3 Ne4 15. Nxd7
Qxd7 16. Ne5 Bxe5 17. Bxe5 b5 18. f3 Nd6 19. g4 Nf7 20. Bg3 Bc6 21. axb5 axb5
22. Ra3 Rxa3 23. bxa3 Qe7 24. Ra1 fxg4 25. hxg4 e5 26. Kf2 e4 27. f4 Bd7 28.
Qb2 Nh6 29. Qb4 Qxb4 30. axb4 Nxg4+ 31. Bxg4 Bxg4 32. Ra6 Rf6 33. Rxf6 gxf6 34.
Kg2 Kf7 35. Bf2 Kg6 1/2-1/2

[Event "Benidorm 2013 - Torneo sub2000"]
[Site "Benidorm ESP"]
[Date "2013.12.01"]
[Round "4.10"]
[White "Raimundo Medina, Fermin"]
[Black "Aliyev, Ravan Azar"]
[Result "0-1"]
[WhiteElo "1735"]
[BlackElo "1956"]
[PlyCount "54"]
[EventDate "2013.11.29"]
[EventRounds "10"]
[EventCountry "ESP"]
[Source "lmi"]
[SourceDate "2013.11.29"]

1. e4 d6 2. d4 g6 3. Nc3 Bg7 4. Bg5 c6 5. Qd2 Nd7 6. f3 b5 7. O-O-O Qa5 8. Kb1
Nb6 9. Bd3 Be6 10. a3 Nc4 11. Bxc4 bxc4 12. Nge2 Rb8 13. Ka1 Qb6 14. Rb1 Nf6
15. h4 c5 16. d5 Bd7 17. g4 h5 18. Bxf6 Bxf6 19. g5 Bg7 20. f4 O-O 21. Ng3 Rb7
22. f5 Be5 23. Rhg1 Rfb8 24. Nxh5 Qa5 25. fxg6 Rxb2 26. gxf7+ Kf8 27. Rxb2
Qxa3+ 0-1

[Event "Benidorm 2013 - Torneo sub2000"]
[Site "Benidorm ESP"]
[Date "2013.12.01"]
[Round "4.11"]
[White "Gomez Dieguez, Adrian"]
[Black "Patino Andreu, Ramon"]
[Result "1-0"]
[WhiteElo "1999"]
[BlackElo "1933"]
[PlyCount "85"]
[EventDate "2013.11.29"]
[EventRounds "10"]
[EventCountry "ESP"]
[Source "lmi"]
[SourceDate "2013.11.29"]

1. e4 e5 2. Nf3 Nc6 3. Bb5 a6 4. Ba4 Nf6 5. Qe2 b5 6. Bb3 Be7 7. O-O O-O 8. c3
d6 9. Rd1 Na5 10. Bc2 c5 11. d4 Qc7 12. d5 Bg4 13. Nbd2 c4 14. h3 Bh5 15. Nf1
Nb7 16. g4 Bg6 17. Ng3 Rfe8 18. Nh4 Nc5 19. Nhf5 Bf8 20. h4 Rec8 21. g5 Ne8 22.
h5 Bxf5 23. exf5 f6 24. h6 fxg5 25. hxg7 Qxg7 26. Nh5 Qe7 27. f6 Nxf6 28. Bxg5
Bg7 29. Kh2 Qf7 30. Nxg7 Kxg7 31. Rg1 Qh5+ 32. Qxh5 Nxh5 33. Be7+ Kf7 34. Bxd6
Kf6 35. Rae1 Nd7 36. Bd1 Ng7 37. Bg4 Nf5 38. f4 exf4 39. Re6+ Kg5 40. Bd1+ Ng3
41. Kh3 Nc5 42. Be7+ Kf5 43. Bg4# 1-0

[Event "Benidorm 2013 - Torneo sub2000"]
[Site "Benidorm ESP"]
[Date "2013.12.01"]
[Round "4.12"]
[White "Gonzalez Capacete, Jose Miguel"]
[Black "Pol Guiscafre, David"]
[Result "1/2-1/2"]
[WhiteElo "1922"]
[BlackElo "1997"]
[PlyCount "90"]
[EventDate "2013.11.29"]
[EventRounds "10"]
[EventCountry "ESP"]
[Source "lmi"]
[SourceDate "2013.11.29"]

1. e4 c5 2. Nf3 e6 3. Nc3 Nc6 4. g3 g6 5. Bg2 Bg7 6. O-O Nge7 7. d3 O-O 8. Ng5
h6 9. Nh3 d5 10. exd5 exd5 11. Nf4 d4 12. Ne4 b6 13. Re1 Bb7 14. Nd2 Na5 15.
Nf3 Re8 16. Bd2 Nac6 17. a3 a5 18. h4 Qd6 19. Nh2 Rab8 20. Ng4 Kh7 21. Nh3 Nd5
22. Rxe8 Rxe8 23. Qf3 Nf6 24. Nxf6+ Qxf6 25. Qxf6 Bxf6 26. Re1 Rxe1+ 27. Bxe1
Nd8 28. Nf4 Bxg2 29. Kxg2 Nc6 30. Nd5 Bd8 31. Bd2 g5 32. hxg5 hxg5 33. Kf3 Kg6
34. g4 f5 35. gxf5+ Kxf5 36. c4 Ne5+ 37. Ke2 Kg4 38. f4 Nd7 39. b3 Kf5 40. Kf3
g4+ 41. Kg3 Nf6 42. Nxf6 Bxf6 43. b4 cxb4 44. axb4 a4 45. Bc1 Be7 1/2-1/2